Caricamento...

Haldane and modern biology / /

Dettagli Bibliografici
Autore principale: Dronamraju
Natura: Printed Book
Lingua:English
LEADER 00331nam a2200097Ia 4500
008 130611s9999 xx 000 0 eng d
100 |a Dronamraju 
245 |a Haldane and modern biology / / 
942 |c BK 
999 |c 126733  |d 126733 
952 |0 0  |1 0  |2 ddc  |4 0  |6 571_600000000000000_HAL  |7 0  |9 140111  |a ZOO  |b ZOO  |c ST1  |d 2013-06-11  |o 571.6 HAL  |p ZOO2741  |r 2013-06-11  |y BK